[Event "Bayview Games Club #105"]
[Site "Toronto CAN"]
[Date "2007.06.11"]
[Round "3"]
[White "Maguire, Jack"]
[Black "Trifan, Victor"]
[Result "0-1"]
[WhiteElo "1358"]
[BlackElo "1776"]
[PlyCount "122"]
[GameId "2160767910667793"]
[EventDate "2007.05.28"]
[EventType "tourn"]
[EventRounds "9"]
[EventCountry "CAN"]
[SourceTitle "EXT 2022"]
[Source "ChessBase"]
[SourceDate "2021.10.06"]
[SourceVersion "1"]
[SourceVersionDate "2021.10.06"]
[SourceQuality "1"]

1. d4 d5 2. e4 c6 3. Nc3 dxe4 4. f3 e3 5. Bxe3 Nf6 6. Bd3 e6 7. Nh3 Bd6 8. Ne4 Be7 9. O-O Nbd7 10. c4 Nb6 11. b3 Bd7 12. Qe1 h6 13. a4 Nc8 14. Qg3 Nh5 15. Qf2 Nd6 16. g4 Nf6 17. Nxf6+ Bxf6 18. Bf4 Nc8 19. Rae1 Bh4 20. Bg3 Bxg3 21. hxg3 Ne7 22. Nf4 Qb6 23. Bc2 O-O-O 24. Kg2 g6 25. Qd2 h5 26. gxh5 gxh5 27. Rh1 Be8 28. c5 Qxc5 29. dxc5 Rxd2+ 30. Re2 Rxe2+ 31. Nxe2 Nd5 32. g4 Ne3+ 33. Kg3 h4+ 34. Rxh4 Rxh4 35. Kxh4 Nxc2 36. Kg5 Ne3 37. Ng3 Kd8 38. Ne4 Nd5 39. Nd6 f6+ 40. Kh4 b6 41. cxb6 axb6 42. Nc4 b5 43. axb5 cxb5 44. Nd6 Ke7 45. Ne4 Nf4 46. Kg3 Ne2+ 47. Kf2 Nd4 48. Nd2 Bc6 49. Ke3 Nxf3 50. Nxf3 Bxf3 51. Kxf3 Kd6 52. Ke4 Kc5 53. Kd3 Kb4 54. Kc2 e5 55. Kb2 e4 56. Kc2 Kc5 57. Kc3 b4+ 58. Kd2 Kd4 59. Ke2 Kc3 60. Ke3 Kxb3 61. Kxe4 Kc3 0-1

[Event "Bayview Games Club #105"]
[Site "Toronto CAN"]
[Date "2007.06.18"]
[Round "4"]
[White "Villalobos, Oscar"]
[Black "Armstrong, Robert J"]
[Result "1/2-1/2"]
[WhiteElo "1643"]
[BlackElo "1799"]
[PlyCount "68"]
[GameId "2160767910667796"]
[EventDate "2007.05.28"]
[EventType "tourn"]
[EventRounds "9"]
[EventCountry "CAN"]
[SourceTitle "EXT 2022"]
[Source "ChessBase"]
[SourceDate "2021.10.06"]
[SourceVersion "1"]
[SourceVersionDate "2021.10.06"]
[SourceQuality "1"]

1. d4 g6 2. c4 Bg7 3. Nc3 d6 4. e4 Nf6 5. f3 O-O 6. Be3 c5 7. d5 Qa5 8. Qd2 h6 9. Be2 Na6 10. a3 Qb6 11. Rb1 Qa5 12. h4 h5 13. Bd4 g5 14. e5 Nd7 15. b3 Qc7 16. g4 gxh4 17. Nh3 Nxe5 18. Nf2 Bd7 19. O-O Qa5 20. Qd3 Qb6 21. b4 Rfc8 22. Na4 h3 23. Qc2 cxb4 24. Ba1 Nd3 25. Qd2 f5 26. g5 f4 27. Bxd3 Bxa1 28. Rxa1 Qa5 29. axb4 Qxb4 30. Qxb4 Nc5 31. Qb5 Rd8 32. Ra3 Bxb5 33. cxb5 e6 34. b6 exd5 1/2-1/2

[Event "Bayview Games Club #105"]
[Site "Toronto CAN"]
[Date "2007.06.25"]
[Round "5"]
[White "Armstrong, Robert J"]
[Black "Trifan, Victor"]
[Result "0-1"]
[WhiteElo "1799"]
[BlackElo "1776"]
[PlyCount "56"]
[GameId "2160767910667797"]
[EventDate "2007.05.28"]
[EventType "tourn"]
[EventRounds "9"]
[EventCountry "CAN"]
[SourceTitle "EXT 2022"]
[Source "ChessBase"]
[SourceDate "2021.10.06"]
[SourceVersion "1"]
[SourceVersionDate "2021.10.06"]
[SourceQuality "1"]

1. d4 Nf6 2. c4 g6 3. Nc3 Bg7 4. e4 d6 5. f3 O-O 6. Be3 Na6 7. g4 c5 8. d5 Qa5 9. Nge2 Nd7 10. h4 Nb6 11. Qd2 Re8 12. a4 h5 13. gxh5 Bh6 14. f4 Nd7 15. Ng3 Rb8 16. hxg6 fxg6 17. f5 gxf5 18. Nh5 e6 19. exf5 Ne5 20. Rh3 Qd8 21. Be2 b5 22. axb5 exd5 23. Nxd5 Nd7 24. Bxh6 Qg5 25. f6 Qf4 26. Qe3 Kh8 27. Ng3 Kg8 28. Qd2 Qxh6 0-1

[Event "Bayview Games Club #105"]
[Site "Toronto CAN"]
[Date "2007.07.09"]
[Round "6"]
[White "Jackiw, Mark"]
[Black "Armstrong, Robert J"]
[Result "0-1"]
[WhiteElo "1628"]
[BlackElo "1813"]
[PlyCount "48"]
[GameId "2160767910667799"]
[EventDate "2007.05.28"]
[EventType "tourn"]
[EventRounds "9"]
[EventCountry "CAN"]
[SourceTitle "EXT 2022"]
[Source "ChessBase"]
[SourceDate "2021.10.06"]
[SourceVersion "1"]
[SourceVersionDate "2021.10.06"]
[SourceQuality "1"]

1. c4 g6 2. d4 Bg7 3. Nc3 d6 4. c5 dxc5 5. d5 Bd7 6. Nf3 e5 7. Bd2 Nf6 8. Nb5 a6 9. Nc3 O-O 10. h4 h5 11. Qb3 Ne4 12. Nxe5 Bxe5 13. Nxe4 Bd4 14. Bg5 Bf5 15. Bd2 Nd7 16. O-O-O Bxe4 17. a4 Be3 18. Bxe3 b5 19. axb5 a5 20. Qd3 Kh8 21. Rd2 Bf5 22. Rh3 Re8 23. Qb1 Bc2 24. Rd3 Rxe3 0-1

[Event "Bayview Games Club #105"]
[Site "Toronto CAN"]
[Date "2007.07.09"]
[Round "6"]
[White "Maguire, Jack"]
[Black "MacIlquham, Thomas"]
[Result "0-1"]
[WhiteElo "1358"]
[BlackElo "1071"]
[PlyCount "48"]
[GameId "2160767910667800"]
[EventDate "2007.05.28"]
[EventType "tourn"]
[EventRounds "9"]
[EventCountry "CAN"]
[SourceTitle "EXT 2022"]
[Source "ChessBase"]
[SourceDate "2021.10.06"]
[SourceVersion "1"]
[SourceVersionDate "2021.10.06"]
[SourceQuality "1"]

1. d4 d5 2. e4 dxe4 3. Nc3 Bf5 4. g4 Bg6 5. h4 h5 6. g5 Nc6 7. Be3 e6 8. a3 f6 9. Bg2 f5 10. Nge2 Qe7 11. Nf4 Qf7 12. d5 O-O-O 13. Nxe6 Rd7 14. Qe2 Nge7 15. dxc6 Nxc6 16. Nxf8 Rxf8 17. Bd2 Nd4 18. Qd1 Rfd8 19. Qc1 Qe6 20. Be3 Nf3+ 21. Bxf3 exf3 22. O-O f4 23. Bxf4 Qg4+ 24. Bg3 Qh3 0-1

[Event "Bayview Games Club #105"]
[Site "Toronto CAN"]
[Date "2007.07.23"]
[Round "8"]
[White "Laporte, Richard"]
[Black "Villalobos, Oscar"]
[Result "0-1"]
[WhiteElo "1560"]
[BlackElo "1745"]
[PlyCount "48"]
[GameId "2160767910667801"]
[EventDate "2007.05.28"]
[EventType "tourn"]
[EventRounds "9"]
[EventCountry "CAN"]
[SourceTitle "EXT 2022"]
[Source "ChessBase"]
[SourceDate "2021.10.06"]
[SourceVersion "1"]
[SourceVersionDate "2021.10.06"]
[SourceQuality "1"]

1. e4 c5 2. Nf3 d6 3. d4 cxd4 4. Nxd4 Nf6 5. Nc3 a6 6. Bd3 e5 7. Nb3 Nbd7 8. O-O Be7 9. f4 b5 10. Kh1 Bb7 11. Nd2 Nc5 12. b4 Ne6 13. fxe5 dxe5 14. a3 Rc8 15. Bb2 Nf4 16. Qf3 h5 17. Rac1 Qd7 18. Ne2 Nxe2 19. Qxe2 Ng4 20. c4 Bg5 21. cxb5 Rd8 22. Rc3 Bxd2 23. Qxd2 Bxe4 24. Rd1 Bxd3 0-1

[Event "Bayview Games Club #105"]
[Site "Toronto CAN"]
[Date "2007.07.30"]
[Round "9"]
[White "Johnson, Wylie"]
[Black "Maguire, Jack"]
[Result "1-0"]
[WhiteElo "1612"]
[BlackElo "1497"]
[PlyCount "60"]
[GameId "2160767910667802"]
[EventDate "2007.05.28"]
[EventType "tourn"]
[EventRounds "9"]
[EventCountry "CAN"]
[SourceTitle "EXT 2022"]
[Source "ChessBase"]
[SourceDate "2021.10.06"]
[SourceVersion "1"]
[SourceVersionDate "2021.10.06"]
[SourceQuality "1"]

1. f4 d5 2. Nf3 Nc6 3. e3 Bg4 4. h3 Bxf3 5. Qxf3 e5 6. fxe5 Nxe5 7. Qf2 Be7 8. Be2 Bh4 9. g3 Be7 10. d4 Ng6 11. O-O Nf6 12. c4 O-O 13. Nd2 c5 14. Bf3 cxd4 15. exd4 Qd7 16. Qg2 Rad8 17. c5 b6 18. b4 a5 19. a3 Qa4 20. Bd1 Qb5 21. Rb1 a4 22. Be2 Qc6 23. Bd3 b5 24. Nf3 Qc7 25. Bxg6 fxg6 26. Bf4 Qc8 27. Rbe1 Nh5 28. Rxe7 Nxf4 29. gxf4 Rxf4 30. Rfe1 Rdf8 1-0

[Event "Bayview Games Club #106"]
[Site "Toronto CAN"]
[Date "2007.06.25"]
[Round "2"]
[White "Ferreira, Alex"]
[Black "Guo, Joshua"]
[Result "0-1"]
[WhiteElo "1869"]
[BlackElo "2214"]
[PlyCount "112"]
[GameId "2160767910667697"]
[EventDate "2007.06.18"]
[EventType "tourn"]
[EventRounds "6"]
[EventCountry "CAN"]

1. d4 Nf6 2. Bg5 e6 3. Nf3 c5 4. e3 Nc6 5. c3 Be7 6. Nbd2 d5 7. Bxf6 gxf6 8. Bd3 e5 9. e4 dxe4 10. Bxe4 cxd4 11. Bxc6+ bxc6 12. cxd4 Ba6 13. Qc2 O-O 14. O-O-O Qd5 15. Rhe1 Rab8 16. Nb3 Bc4 17. Nfd2 Rb4 18. Re3 Bxb3 19. axb3 Rxd4 20. Qf5 Qe6 21. Qh5 f5 22. Rde1 Rxd2 23. Kxd2 Bb4+ 24. Ke2 Bxe1 25. Kxe1 Kh8 26. g4 fxg4 27. Rxe5 Qg6 28. Qxg6 fxg6 29. Rc5 Rf6 30. Ra5 Rf3 31. Rxa7 Rxb3 32. Rc7 Rxb2 33. Rxc6 Rb1+ 34. Ke2 Rh1 35. Ke3 Rxh2 36. Rc7 Rh3+ 37. Ke2 Rf3 38. Rb7 Kg8 39. Ra7 Rf7 40. Ra3 Kg7 41. Kf1 h5 42. Kg2 Kh6 43. Ra6 Kg5 44. Kg3 h4+ 45. Kg2 h3+ 46. Kg1 Rf6 47. Ra5+ Kh4 48. Ra4 g5 49. Ra5 Rf3 50. Ra4 Rb3 51. Ra8 g3 52. Rh8+ Kg4 53. fxg3 Kxg3 54. Kf1 Rb1+ 55. Ke2 h2 56. Rh5 g4 0-1

[Event "Bayview Games Club #106"]
[Site "Toronto CAN"]
[Date "2007.07.09"]
[Round "3"]
[White "Ramenaden, Matthew"]
[Black "Ferreira, Alex"]
[Result "0-1"]
[WhiteElo "1768"]
[BlackElo "1869"]
[PlyCount "90"]
[GameId "2160767910667698"]
[EventDate "2007.06.18"]
[EventType "tourn"]
[EventRounds "6"]
[EventCountry "CAN"]
[SourceTitle "EXT 2022"]
[Source "ChessBase"]
[SourceDate "2021.10.06"]
[SourceVersion "1"]
[SourceVersionDate "2021.10.06"]
[SourceQuality "1"]

1. e4 c6 2. d4 d5 3. exd5 cxd5 4. c4 Nf6 5. Nc3 g6 6. Nf3 Bg7 7. c5 O-O 8. Bd3 Bg4 9. h3 Bxf3 10. Qxf3 Nc6 11. Ne2 e5 12. dxe5 Nxe5 13. Qe3 Nxd3+ 14. Qxd3 Qa5+ 15. Qc3 Qxc3+ 16. Nxc3 d4 17. Na4 Rfe8+ 18. Kf1 Nd5 19. Bd2 b5 20. cxb6 axb6 21. b3 b5 22. Nc5 Nc3 23. a4 Rec8 24. Bxc3 dxc3 25. Nd3 bxa4 26. Rxa4 Rxa4 27. bxa4 Rc4 28. Ke2 Rxa4 29. Rc1 Ra2+ 30. Kf3 f5 31. Nb4 Rb2 32. Nd3 Rd2 33. Nb4 Rd4 34. Nc2 Rd3+ 35. Ke2 Rd2+ 36. Kf3 Kf7 37. Ne1 Ke6 38. Rc2 Kd5 39. Ke3 f4+ 40. Kxf4 Kc4 41. Ke3 Bd4+ 42. Ke4 Bxf2 43. Rxc3+ Kxc3 44. Nf3 Re2+ 45. Kd5 Bg3 0-1

[Event "Bayview Games Club #106"]
[Site "Toronto CAN"]
[Date "2007.07.16"]
[Round "4"]
[White "Ferreira, Alex"]
[Black "Longo, Tyler"]
[Result "1-0"]
[WhiteElo "1869"]
[BlackElo "1999"]
[PlyCount "44"]
[GameId "2160767910667699"]
[EventDate "2007.06.18"]
[EventType "tourn"]
[EventRounds "6"]
[EventCountry "CAN"]
[SourceTitle "EXT 2022"]
[Source "ChessBase"]
[SourceDate "2021.10.06"]
[SourceVersion "1"]
[SourceVersionDate "2021.10.06"]
[SourceQuality "1"]

1. f4 e5 2. e4 exf4 3. Nf3 g5 4. Bc4 g4 5. Ne5 Qh4+ 6. Kf1 Nh6 7. d4 d6 8. Nd3 f3 9. Nf4 fxg2+ 10. Kxg2 Nc6 11. Rf1 Bd7 12. Be3 O-O-O 13. Nd2 f5 14. Qe1 Qf6 15. Nd5 Qg6 16. b4 Kb8 17. b5 Ne7 18. Qh4 Qg7 19. a4 Kc8 20. Nxe7+ Bxe7 21. Qxh6 Qxh6 22. Bxh6 fxe4 1-0

[Event "Bayview Games Club #106"]
[Site "Toronto CAN"]
[Date "2007.07.23"]
[Round "5"]
[White "Guo, Joshua"]
[Black "Ferreira, Alex"]
[Result "1/2-1/2"]
[WhiteElo "2214"]
[BlackElo "1869"]
[PlyCount "54"]
[GameId "2160767910667700"]
[EventDate "2007.06.18"]
[EventType "tourn"]
[EventRounds "6"]
[EventCountry "CAN"]

1. e4 c5 2. Nf3 e6 3. c3 d5 4. e5 d4 5. cxd4 cxd4 6. Bb5+ Nc6 7. O-O Bd7 8. d3 Nxe5 9. Nxe5 Bxb5 10. Nxf7 Kxf7 11. Qh5+ g6 12. Qxb5 Qd5 13. Qxd5 exd5 14. Nd2 Ne7 15. Nf3 Nc6 16. Bf4 Re8 17. a3 h6 18. b4 Bg7 19. Rfe1 g5 20. Bg3 g4 21. Nd2 Ne5 22. Bxe5 Rxe5 23. Nb3 Rxe1+ 24. Rxe1 Rc8 25. Rc1 Rc3 26. Rxc3 dxc3 27. Na1 Ke6 1/2-1/2

[Event "Bayview Games Club #106"]
[Site "Toronto CAN"]
[Date "2007.07.30"]
[Round "6"]
[White "Ferreira, Alex"]
[Black "Ramenaden, Matthew"]
[Result "1-0"]
[WhiteElo "1869"]
[BlackElo "1768"]
[PlyCount "73"]
[GameId "2160767910667701"]
[EventDate "2007.06.18"]
[EventType "tourn"]
[EventRounds "6"]
[EventCountry "CAN"]
[SourceTitle "EXT 2022"]
[Source "ChessBase"]
[SourceDate "2021.10.06"]
[SourceVersion "1"]
[SourceVersionDate "2021.10.06"]
[SourceQuality "1"]

1. c4 Nf6 2. Nc3 e6 3. e4 d6 4. d4 Be7 5. f4 d5 6. e5 Ne4 7. Bd3 f5 8. exf6 Nxf6 9. Nf3 c5 10. Be3 b6 11. Ne5 Bb7 12. O-O cxd4 13. Bxd4 Nc6 14. Nxc6 Bxc6 15. Kh1 O-O 16. Qe2 Ne4 17. Rad1 Qc7 18. Qg4 Bf6 19. Bxe4 dxe4 20. Qxe6+ Kh8 21. Nd5 Qc8 22. Qxe4 Qb7 23. Bxf6 Rxf6 24. Qc2 Rff8 25. Kg1 Qf7 26. Qc3 Qh5 27. Qe5 Rf5 28. Qd6 Bb7 29. Rd3 Qe2 30. Rg3 Qxc4 31. Ne3 Qc5 32. Qd7 g6 33. Qxb7 Re8 34. Qf3 Rf7 35. Qd5 Qc7 36. Qd4+ Kg8 37. Ng4 1-0

[Event "Bayview Games Club #107"]
[Site "Toronto CAN"]
[Date "2007.07.23"]
[Round "1"]
[White "Kurkowski, Ken"]
[Black "Verde, Pino"]
[Result "0-1"]
[WhiteElo "1800"]
[BlackElo "1762"]
[PlyCount "60"]
[GameId "2160767910580168"]
[EventDate "2007.07.23"]
[EventType "tourn"]
[EventRounds "7"]
[EventCountry "CAN"]
[SourceTitle "EXT 2022"]
[Source "ChessBase"]
[SourceDate "2021.10.06"]
[SourceVersion "1"]
[SourceVersionDate "2021.10.06"]
[SourceQuality "1"]

1. c4 Nf6 2. g3 e6 3. Bg2 c6 4. Nc3 d5 5. Qb3 Na6 6. d4 Nc7 7. Bg5 h6 8. Bxf6 Qxf6 9. Nf3 Be7 10. O-O g5 11. e4 dxc4 12. Qxc4 Bd7 13. Rad1 b5 14. Qd3 b4 15. d5 cxd5 16. exd5 bxc3 17. d6 Bb5 18. Qe4 Bxd6 19. Rxd6 Bxf1 20. Qc6+ Kf8 21. Qxc7 cxb2 22. Nd2 Bxg2 23. Kxg2 Kg7 24. Rd7 Rab8 25. Ne4 Rhc8 26. Qxa7 Qf5 27. Nd6 Qd5+ 28. f3 Rc2+ 29. Kh3 g4+ 30. fxg4 Qg2+ 0-1

[Event "Bayview Games Club #107"]
[Site "Toronto CAN"]
[Date "2007.07.23"]
[Round "1"]
[White "McNeil, Joan"]
[Black "Maguire, Jack"]
[Result "1/2-1/2"]
[WhiteElo "1357"]
[BlackElo "1497"]
[PlyCount "55"]
[GameId "2160767910580169"]
[EventDate "2007.07.23"]
[EventType "tourn"]
[EventRounds "7"]
[EventCountry "CAN"]
[SourceTitle "EXT 2022"]
[Source "ChessBase"]
[SourceDate "2021.10.06"]
[SourceVersion "1"]
[SourceVersionDate "2021.10.06"]
[SourceQuality "1"]

1. d4 Nf6 2. Nf3 e6 3. e3 c5 4. c3 g6 5. Bd3 Nc6 6. O-O b6 7. Nbd2 Bg7 8. e4 O-O 9. h3 Re8 10. Re1 Bb7 11. e5 Nd5 12. Ne4 Rf8 13. Bg5 f6 14. exf6 Nxf6 15. Qd2 cxd4 16. cxd4 Qc7 17. Bh6 Nxe4 18. Bxe4 Bxh6 19. Qxh6 d5 20. Bd3 Rae8 21. Ng5 Nxd4 22. Rac1 Qd7 23. h4 e5 24. f3 Rf4 25. h5 gxh5 26. Bxh7+ Qxh7 27. Qxh7+ Kf8 28. Qf7+ 1/2-1/2

[Event "Bayview Games Club #107"]
[Site "Toronto CAN"]
[Date "2007.07.23"]
[Round "1"]
[White "Wing, Richard"]
[Black "Armstrong, Robert J"]
[Result "1/2-1/2"]
[WhiteElo "1736"]
[BlackElo "1813"]
[PlyCount "48"]
[GameId "2160767910580170"]
[EventDate "2007.07.23"]
[EventType "tourn"]
[EventRounds "7"]
[EventCountry "CAN"]
[SourceTitle "EXT 2022"]
[Source "ChessBase"]
[SourceDate "2021.10.06"]
[SourceVersion "1"]
[SourceVersionDate "2021.10.06"]
[SourceQuality "1"]

1. e4 g6 2. d4 Bg7 3. Nc3 d6 4. f4 Nf6 5. Nf3 O-O 6. Bd3 c5 7. dxc5 d5 8. Nd2 Bd7 9. Qe2 Nh5 10. Qf3 Na6 11. O-O Be6 12. Nxd5 Qd6 13. Ne3 Qc7 14. Ng4 Nb4 15. a3 Nxd3 16. c4 Qxc5+ 17. Kh1 Qb6 18. e5 Qa6 19. Nh6+ Kh8 20. f5 Bxc4 21. Qg4 Bb3 22. Qe2 Ne1 23. Rb1 Be6 24. h3 f6 1/2-1/2

[Event "Bayview Games Club #107"]
[Site "Toronto CAN"]
[Date "2007.07.30"]
[Round "2"]
[White "Maguire, Jack"]
[Black "Kurkowski, Ken"]
[Result "1/2-1/2"]
[WhiteElo "1497"]
[BlackElo "1781"]
[PlyCount "76"]
[GameId "2160767910580171"]
[EventDate "2007.07.23"]
[EventType "tourn"]
[EventRounds "7"]
[EventCountry "CAN"]
[SourceTitle "EXT 2022"]
[Source "ChessBase"]
[SourceDate "2021.10.06"]
[SourceVersion "1"]
[SourceVersionDate "2021.10.06"]
[SourceQuality "1"]

1. d4 g6 2. e4 Bg7 3. c4 d6 4. Nc3 Nf6 5. f4 O-O 6. Nf3 c5 7. d5 e6 8. Be2 exd5 9. cxd5 Bg4 10. O-O Re8 11. e5 Bxf3 12. Bxf3 dxe5 13. fxe5 Rxe5 14. Bf4 Rf5 15. Qd2 h5 16. h3 h4 17. Rae1 Na6 18. Bg5 Qd7 19. Bxh4 Re8 20. g4 Rfe5 21. Rxe5 Rxe5 22. Bg3 Re8 23. d6 Nb4 24. Rd1 Nc6 25. Bxc6 Qxc6 26. b3 Nd7 27. Re1 Bd4+ 28. Kh2 Rxe1 29. Qxe1 Bxc3 30. Qxc3 Qe4 31. Qe1 Qxe1 32. Bxe1 Kf8 33. h4 b5 34. Bf2 a6 35. Bd4 f6 36. g5 Kf7 37. gxf6 Nxf6 38. Bxf6 Kxf6 1/2-1/2

[Event "Bayview Games Club #107"]
[Site "Toronto CAN"]
[Date "2007.07.30"]
[Round "2"]
[White "Verde, Pino"]
[Black "Boross-Harmer, Peter"]
[Result "0-1"]
[WhiteElo "1762"]
[BlackElo "1899"]
[PlyCount "106"]
[GameId "2160767910580172"]
[EventDate "2007.07.23"]
[EventType "tourn"]
[EventRounds "7"]
[EventCountry "CAN"]
[SourceTitle "EXT 2022"]
[Source "ChessBase"]
[SourceDate "2021.10.06"]
[SourceVersion "1"]
[SourceVersionDate "2021.10.06"]
[SourceQuality "1"]

1. e4 c6 2. d4 d5 3. e5 Bf5 4. Bd3 Qd7 5. c3 Bxd3 6. Qxd3 Qg4 7. Qf3 h5 8. Nd2 Nh6 9. h3 Qg6 10. Ne2 Nf5 11. g3 e6 12. Nf4 Qh7 13. Nb3 Nd7 14. Nd3 Be7 15. Nbc5 Bxc5 16. Nxc5 Nxc5 17. dxc5 d4 18. Bg5 Qg6 19. h4 f6 20. Bf4 O-O-O 21. Qd3 Nxh4 22. Qxg6 Nxg6 23. exf6 gxf6 24. Bd6 dxc3 25. bxc3 Ne5 26. Ke2 Nc4 27. Rad1 Nxd6 28. cxd6 c5 29. Rh4 Kd7 30. Ke3 Kc6 31. g4 hxg4 32. Rxg4 Rh3+ 33. f3 Rxd6 34. Rxd6+ Kxd6 35. Rg7 Rh2 36. a4 Rh4 37. f4 Rh3+ 38. Kd2 Rh2+ 39. Kd3 Ra2 40. Rxb7 Rxa4 41. Ke3 Rc4 42. Rb3 Kc6 43. Ra3 Kb6 44. Rb3+ Ka5 45. Ra3+ Ra4 46. Rb3 f5 47. Rb7 a6 48. Rb3 Re4+ 49. Kf3 Ka4 50. Rb1 Rc4 51. Ra1+ Kb5 52. Re1 Rxc3+ 53. Kf2 Rc4 0-1

[Event "Bayview Games Club #107"]
[Site "Toronto CAN"]
[Date "2007.08.06"]
[Round "3"]
[White "Kurkowski, Ken"]
[Black "Wing, Richard"]
[Result "1/2-1/2"]
[WhiteElo "1800"]
[BlackElo "1700"]
[PlyCount "83"]
[GameId "2160767910580174"]
[EventDate "2007.07.23"]
[EventType "tourn"]
[EventRounds "7"]
[EventCountry "CAN"]
[SourceTitle "EXT 2022"]
[Source "ChessBase"]
[SourceDate "2021.10.06"]
[SourceVersion "1"]
[SourceVersionDate "2021.10.06"]
[SourceQuality "1"]

1. c4 f5 2. d4 Nf6 3. g3 g6 4. Bg2 Bg7 5. Nf3 O-O 6. O-O d6 7. Nc3 Nc6 8. Re1 Bd7 9. e4 Qc8 10. b3 fxe4 11. Nxe4 Nxe4 12. Rxe4 Rxf3 13. Bxf3 Bf5 14. Bb2 Bxe4 15. Bxe4 Qd7 16. Qd2 Re8 17. Re1 Nd8 18. d5 c6 19. Bxg7 Kxg7 20. Qd4+ Kg8 21. Qxa7 e6 22. dxc6 Nxc6 23. Qa4 Re7 24. Bxc6 bxc6 25. Qa6 Kf7 26. a4 Qb7 27. Qxb7 Rxb7 28. Rb1 c5 29. Kf1 d5 30. cxd5 exd5 31. Ke2 Rb4 32. Rc1 c4 33. bxc4 dxc4 34. a5 Ra4 35. Ke3 Ke6 36. Kd4 c3+ 37. Kxc3 Rxa5 38. Kd4 Ra2 39. Ke3 Ra3+ 40. Ke4 Ra4+ 41. Ke3 Ra3+ 42. Ke4 1/2-1/2

[Event "Bayview Games Club #107"]
[Site "Toronto CAN"]
[Date "2007.08.06"]
[Round "3"]
[White "McNeil, Joan"]
[Black "Armstrong, Robert J"]
[Result "0-1"]
[WhiteElo "1357"]
[BlackElo "1813"]
[PlyCount "70"]
[GameId "2160767910580175"]
[EventDate "2007.07.23"]
[EventType "tourn"]
[EventRounds "7"]
[EventCountry "CAN"]
[SourceTitle "EXT 2022"]
[Source "ChessBase"]
[SourceDate "2021.10.06"]
[SourceVersion "1"]
[SourceVersionDate "2021.10.06"]
[SourceQuality "1"]

1. d4 g6 2. e3 Bg7 3. Nf3 d6 4. Be2 Nf6 5. b3 c5 6. Bb2 Qa5+ 7. Nc3 Ne4 8. Qd3 Bf5 9. Qb5+ Qxb5 10. Nxb5 Na6 11. c3 O-O 12. O-O-O Nxf2 13. h4 h5 14. Bc4 Nxd1 15. Rxd1 Bg4 16. Rf1 Bxf3 17. gxf3 cxd4 18. cxd4 Rfc8 19. Kb1 Nb4 20. Rg1 d5 21. Be2 a6 22. Nc3 e6 23. a3 Nc6 24. Na4 Rc7 25. Nc5 Bf6 26. f4 Bxh4 27. Bxh5 Bf2 28. Rg5 Kh7 29. Bd1 Bxe3 30. Rg4 Bxd4 31. Nd3 Bxb2 32. Kxb2 Nd4 33. Rh4+ Kg7 34. f5 Nxf5 35. Rg4 Ne3 0-1

[Event "Bayview Games Club #107"]
[Site "Toronto CAN"]
[Date "2007.08.13"]
[Round "4"]
[White "Armstrong, Robert J"]
[Black "Verde, Pino"]
[Result "1-0"]
[WhiteElo "1813"]
[BlackElo "1724"]
[PlyCount "61"]
[GameId "2160767910580176"]
[EventDate "2007.07.23"]
[EventType "tourn"]
[EventRounds "7"]
[EventCountry "CAN"]
[SourceTitle "EXT 2022"]
[Source "ChessBase"]
[SourceDate "2021.10.06"]
[SourceVersion "1"]
[SourceVersionDate "2021.10.06"]
[SourceQuality "1"]

1. d4 e6 2. c4 b6 3. Nf3 Bb7 4. e3 f5 5. g3 Nf6 6. Bg2 Bd6 7. O-O Bb4 8. Nc3 O-O 9. Bd2 Qe7 10. a3 Bd6 11. b4 c5 12. dxc5 bxc5 13. Nb5 Ne4 14. Qc2 Nc6 15. a4 Nd4 16. Qxe4 g6 17. Nxd6 Qxd6 18. Qf4 cxb4 19. Rad1 Qc6 20. Bc3 g5 21. Rb1 h5 22. h4 Nb5 23. g4 fxg4 24. a5 Nxc3 25. Rxb4 Nd1 26. Rb5 Kg7 27. a6 Nxe3 28. Rc1 Nxc4 29. Rc2 gxh4 30. Nd4 g3 31. Qf6+ 1-0

[Event "Bayview Games Club #107"]
[Site "Toronto CAN"]
[Date "2007.08.13"]
[Round "4"]
[White "McNeil, Joan"]
[Black "Kurkowski, Ken"]
[Result "0-1"]
[WhiteElo "1357"]
[BlackElo "1800"]
[PlyCount "56"]
[GameId "2160767910580177"]
[EventDate "2007.07.23"]
[EventType "tourn"]
[EventRounds "7"]
[EventCountry "CAN"]
[SourceTitle "EXT 2022"]
[Source "ChessBase"]
[SourceDate "2021.10.06"]
[SourceVersion "1"]
[SourceVersionDate "2021.10.06"]
[SourceQuality "1"]

1. d4 Nf6 2. Nf3 g6 3. e3 Bg7 4. Bd3 O-O 5. b3 d6 6. Bb2 c5 7. dxc5 Qa5+ 8. Nc3 Nd5 9. O-O Nxc3 10. Bxc3 Qxc3 11. cxd6 Qxa1 12. Qxa1 Bxa1 13. Rxa1 exd6 14. Rd1 Rd8 15. h4 Bg4 16. c4 Nc6 17. Be4 Rab8 18. a3 Ne5 19. Rd5 Nxf3+ 20. gxf3 Be6 21. Rg5 b6 22. h5 Kg7 23. f4 f5 24. Bf3 d5 25. hxg6 hxg6 26. Bh5 Bf7 27. cxd5 Rxd5 28. e4 fxe4 0-1

[Event "Bayview Games Club #107"]
[Site "Toronto CAN"]
[Date "2007.09.13"]
[Round "4"]
[White "Maguire, Jack"]
[Black "Moran-Venegas, Mario"]
[Result "0-1"]
[WhiteElo "1435"]
[BlackElo "1703"]
[PlyCount "116"]
[GameId "2160767910580178"]
[EventDate "2007.07.23"]
[EventType "tourn"]
[EventRounds "7"]
[EventCountry "CAN"]
[SourceTitle "EXT 2022"]
[Source "ChessBase"]
[SourceDate "2021.10.06"]
[SourceVersion "1"]
[SourceVersionDate "2021.10.06"]
[SourceQuality "1"]

1. d4 Nf6 2. Nc3 d5 3. e4 dxe4 4. f3 exf3 5. Nxf3 Bg4 6. h3 Bxf3 7. Qxf3 c6 8. Be3 e6 9. Bd3 Be7 10. O-O O-O 11. Ne4 Nbd7 12. Nxf6+ Nxf6 13. Qg3 Qd6 14. Qh4 g6 15. Rxf6 Bxf6 16. Qxf6 Qd8 17. Qe5 Qd5 18. Qf6 Qd8 19. Bg5 Qxf6 20. Bxf6 Rac8 21. b4 Rc7 22. c4 Rd7 23. a4 Re8 24. Be2 Rc8 25. Rd1 Kf8 26. Bf3 a6 27. a5 Ke8 28. Kf2 Kf8 29. h4 Rb8 30. c5 Re8 31. g4 Kg8 32. g5 Ra8 33. h5 Re8 34. hxg6 fxg6 35. Kg3 Rf7 36. Re1 h5 37. Be4 Rxf6 38. gxf6 Kf7 39. Rf1 Rd8 40. Bxg6+ Kxg6 41. f7 Rf8 42. Kh4 Rxf7 43. Rxf7 Kxf7 44. Kxh5 Kf6 45. Kg4 e5 46. Kf3 exd4 47. Ke4 d3 48. Kxd3 Kf5 49. Kd4 Kf4 50. Kd3 Kf3 51. Kd4 Ke2 52. Ke5 Kd3 53. Kd6 Kc4 54. Kc7 Kxb4 55. Kxb7 Kb5 56. Ka7 Kxa5 57. Kb7 Kb5 58. Ka7 a5 0-1